| 000 | 00420nam a22001577a 4500 | ||
|---|---|---|---|
| 999 |
_c1759 _d1759 |
||
| 008 | 200203b ||||| |||| 00| 0 eng d | ||
| 020 | _a0750625309 | ||
| 082 | 0 | 0 |
_a623.87 _bT2381 |
| 100 |
_91374 _aTaylor, D. A. |
||
| 245 | 1 | 0 |
_aIntroduction to marine engineering / _cby D.A. Taylor |
| 250 | _a2nd ed. | ||
| 260 |
_aOxford: _bButterworth, _c1990. |
||
| 300 | _aviii, 372 p. | ||
| 650 | 0 | _aMarine Engineering | |
| 942 | _cBK | ||